Coupe du Monde 2022 - Liste Portugal - Statistiques

Statistiques générales
  • Ce quiz a été pris 1 523 fois
  • Le résultat moyen est 21 sur 27
Statistiques - réponses
Position Team Réponse % Correct
A Manchester United Cristiano Ronaldo
96%
A Leipzig André Silva
95%
D Benfica António Silva
94%
M Manchester City Bernardo Silva
94%
A AC Milan Rafael Leão
92%
M Manchester United Bruno Fernandes
90%
D Paris Saint-Germain Nuno Mendes
90%
A Atlético Madrid João Félix
89%
D Manchester City Rúben Dias
89%
G AS Roma Rui Patricio
87%
M Paris Saint-Germain Vitinha
86%
D Manchester City João Cancelo
84%
D Paris Saint-Germain Danilo
83%
D FC Porto Pepe
83%
G Wolverhampton José Sá
82%
D Manchester United Diogo Dalot
79%
G FC Porto Diogo Costa
77%
M Wolverhampton Rúben Neves
77%
D Borussia Dortmund Raphael Guerreiro
75%
A Benfica Gonçalo Ramos
74%
M Betis Séville William Carvalho
65%
Coach Fernando Santos
56%
M Benfica João Mário
51%
M Fulham João Palhinha
48%
M FC Porto Otávio
48%
A Braga Ricardo Horta
47%
M Wolverhampton Matheus Nunes
44%
Aucun quiz correspondant
Distribution des résultats
% des personnes avec chaque résultat
Percentile par nombre de réponses
Votre historique - résultats
Vous n’avez pas pris ce quiz